The Theory and philosophy of organizations: critical issues and new perspectives /
Збережено в:
| Автор: | |
|---|---|
| Інші автори: | |
| Формат: | Текст |
| Опубліковано: |
London:
Routledge
|
| Предмети: | |
| Теги: |
Додати тег
Немає тегів, Будьте першим, хто поставить тег для цього запису!
|
MARC
| LEADER | 00000 a a2200000 04500 | ||
|---|---|---|---|
| 001 | 34396 | ||
| 003 | |||
| 040 | |||
| 020 | |a 0-415-06313-2 | ||
| 090 | |a 1001 H353t | ||
| 100 | |a Hassard, John | ||
| 245 | |a The Theory and philosophy of organizations: critical issues and new perspectives / |c John Hassard | ||
| 260 | |a London: |b Routledge | ||
| 300 | |a 274 p. | ||
| 650 | |a ESTRUCTURA ORGANIZACIONAL | ||
| 650 | |a TEORIA | ||
| 650 | |a FILOSOFIA | ||
| 650 | |a ANALISIS SOCIOLOGICO | ||
| 700 | |a ed. |a Pym, Denis |a ed. | ||
| 999 | |c 1977 |d 1977 | ||



